|
|
|
|
| LEADER |
00000cam a2200000 a 4500 |
| 001 |
vtls001486441 |
| 003 |
SK-MaSNL |
| 005 |
20260302073745.0 |
| 008 |
240226s2004 xo oab gre 000 0 slo |
| 015 |
|
|
|a SNBA2005/02-00711
|
| 020 |
|
|
|a 8089153097
|q (viazané)
|
| 035 |
|
|
|a SNK000441734
|
| 035 |
|
|
|a urn:nbn:sk:snk-am3j3nv
|
| 035 |
|
|
|a 7D1F9E88-D44F-48CC-A26E-5FD0479A4C0E
|
| 035 |
|
|
|a urn:nbn:sk:snk-am00glt4
|
| 040 |
|
|
|a SNK
|b slo
|c SNK
|e AACR2
|
| 041 |
1 |
|
|a slo
|h ger
|
| 044 |
|
|
|a xo
|c SK
|
| 072 |
|
7 |
|a 00
|x Veda. Všeobecnosti. Základy vedy a kultúry
|2 konspekt
|
| 072 |
|
7 |
|a 030
|x Všeobecné príručkové diela
|2 konspekt
|
| 080 |
|
|
|a (031)
|2 2011
|
| 080 |
|
|
|a 0/9
|2 2011
|
| 130 |
0 |
|
|a Neues Universal Lexikon in Farbe
|l Slovensky
|9 738557
|
| 245 |
1 |
0 |
|a Veľký lexikón
|b viac ako 50 000 hesiel s viac ako 3 500 farebnými ilustráciami
|c [preklad z nemeckého originálu: Eva Dropčová ... [et al.]]
|
| 260 |
|
|
|a Bratislava
|b Aktuell
|c 2004
|
| 300 |
|
|
|a 1136 strán
|b farebné fotografie, ilustrácie, mapy
|c 22 cm
|
| 504 |
|
|
|a Obsahuje zoznam skratiek
|
| 650 |
0 |
7 |
|a všeobecnosti a zaujímavosti
|2 SNKPH
|9 4162
|
| 655 |
|
7 |
|a encyklopédie
|2 SNKPH
|9 28776
|
| 700 |
1 |
|
|a Jekkelová, Jana
|4 trl
|9 598414
|
| 700 |
1 |
|
|a Dropčová, Eva,
|d 1931-2015
|4 trl
|9 20080
|
| 700 |
1 |
|
|a Antalíková, Jarmila
|4 trl
|9 42617
|
| 700 |
1 |
|
|a Goralíková, Cecília
|4 trl
|9 626507
|
| 700 |
1 |
|
|a Miškovská, Jana,
|d 1975-
|4 trl
|9 324749
|
| 700 |
1 |
|
|a Ďurníková, Natália
|4 trl
|9 413904
|
| 700 |
1 |
|
|a Oravec, Tomáš,
|d 1954-
|4 trl
|9 120620
|
| 919 |
|
|
|a 80-89153-09-7
|
| 958 |
|
|
|a OP
|
| 958 |
|
|
|a OND
|
| 968 |
|
|
|b DT
|
| 999 |
|
|
|c 1162222
|d 1164152
|
| 952 |
|
|
|t P60, <03>, [BOOK], {603}, -K-
|a SNK
|b SNK
|y PREZ
|7 0
|p 17A0453317
|o snkSC 118182
|i snkKSP 15211/2004
|0 0
|1 0
|4 0
|d 2004-12-02
|f 1
|l 0
|r 2025-10-07 00:00:00
|w 2026-02-24
|
| 952 |
|
|
|a SNK
|b SNK
|y VYP
|7 0
|p 17A0453318
|o snkSC 118182 D1
|i snkKSP 15212/2004
|0 0
|1 0
|4 0
|d 2004-12-02
|l 0
|r 2005-01-02 00:00:00
|w 2026-02-24
|
| 952 |
|
|
|t snkVEL 030
|a SNKUST
|b SNKUST
|y PREZ
|7 0
|p 17A0464623
|o snkSC 118182 D2
|i snk2005/16609
|8 3
|g 44.35
|0 0
|1 0
|4 0
|d 2005-10-07
|l 0
|r 2025-03-20 00:00:00
|w 2026-02-24
|
| 952 |
|
|
|a SNKLM
|b SNKLM
|y NEVYP
|7 0
|p 17A0569763
|o snkSC 118182 D3
|i snk2008/13827
|8 3
|g 52.78
|3 Vrátené z príručnej knižnice
|0 0
|1 0
|4 0
|d 2008-07-08
|l 0
|r 2026-02-24 20:37:28
|w 2026-02-24
|